<?xml version="1.0" encoding="UTF-8"?>
<record
    xmlns:xsi="http://www.w3.org/2001/XMLSchema-instance"
    xsi:schemaLocation="http://www.loc.gov/MARC21/slim http://www.loc.gov/standards/marcxml/schema/MARC21slim.xsd"
    xmlns="http://www.loc.gov/MARC21/slim">

  <leader>00595nam a22001457a 4500</leader>
  <controlfield tag="001"> 86383</controlfield>
  <controlfield tag="003">BD-RjUL</controlfield>
  <controlfield tag="005">20260422103511.0</controlfield>
  <controlfield tag="008">260422b        |||||||| |||| 00| 0 eng d</controlfield>
  <datafield tag="035" ind1=" " ind2=" ">
    <subfield code="a"> 86383</subfield>
  </datafield>
  <datafield tag="100" ind1=" " ind2=" ">
    <subfield code="a">&#x62C;&#x644;&#x627;&#x644; &#x627;&#x628;&#x627;&#x62F;&#x6CC;&#x60C;  &#x62C;&#x644;&#x627;&#x644; &#x627;&#x644;&#x62F;&#x6CC;&#x646; ;; Jalalabadi, Jalaluddin</subfield>
    <subfield code="q">&#x62C;&#x644;&#x627;&#x644; &#x627;&#x644;&#x62F;&#x6CC;&#x646; &#x62C;&#x644;&#x627;&#x644; &#x627;&#x628;&#x627;&#x62F;&#x6CC; ;; Jalaluddin Jalalabadi,</subfield>
    <subfield code="9">18181</subfield>
  </datafield>
  <datafield tag="245" ind1=" " ind2=" ">
    <subfield code="a">&#x645;&#x641;&#x62A;&#x627;&#x62D; &#x627;&#x644;&#x639;&#x644;&#x648;&#x645; &#x648;&#x627;&#x644;&#x641;&#x646;&#x648;&#x646; ;; Miftah Al-Uloom al funun /</subfield>
    <subfield code="c">&#x62C;&#x644;&#x627;&#x644; &#x627;&#x644;&#x62F;&#x6CC;&#x646; &#x62C;&#x644;&#x627;&#x644; &#x627;&#x644;&#x62F;&#x6CC;&#x646; &#x62C;&#x644;&#x627;&#x644; &#x627;&#x628;&#x627;&#x62F;&#x6CC; ;; Jalaluddin Jalaluddin Jalalabadi</subfield>
  </datafield>
  <datafield tag="300" ind1=" " ind2=" ">
    <subfield code="a">160 p.;</subfield>
    <subfield code="c">17 cm</subfield>
  </datafield>
  <datafield tag="942" ind1=" " ind2=" ">
    <subfield code="2">ddc</subfield>
    <subfield code="c">BK</subfield>
  </datafield>
  <datafield tag="999" ind1=" " ind2=" ">
    <subfield code="c">86383</subfield>
    <subfield code="d">86383</subfield>
  </datafield>
  <datafield tag="952" ind1=" " ind2=" ">
    <subfield code="1">0</subfield>
    <subfield code="2">ddc</subfield>
    <subfield code="4">0</subfield>
    <subfield code="7">2</subfield>
    <subfield code="8">NFIC</subfield>
    <subfield code="a">RUCL</subfield>
    <subfield code="b">RUCL</subfield>
    <subfield code="c">Reading</subfield>
    <subfield code="d">2026-04-22</subfield>
    <subfield code="l">0</subfield>
    <subfield code="o">U 492.75 JAM 1952</subfield>
    <subfield code="p">A91351</subfield>
    <subfield code="r">2026-04-22 10:33:59</subfield>
    <subfield code="t">C-1</subfield>
    <subfield code="y">BK</subfield>
  </datafield>
</record>
